000 00519nam a2200193Ia 4500
005 20250508154005.0
008 008 250505s9999 xx 000 0 eng d
037 _aTextual
040 _aFEDL
_beng
_cFEDL
041 _aeng
_2eng
084 _a378.2, UNI
_qFEDL
100 _aEells Walter Crosby
_991943
245 0 _aAcademic degrees
245 0 _cU S Department of health, Education, And Welfare
260 _c1960
300 _a324p.
942 _cTEXL
_h378.2, UNI
999 _c1346857
_d1346857